[Event "EU-chT Seniors 03rd"]
[Site "Dresden"]
[Date "2001.03.03"]
[Round "7.3"]
[White "Neese, Hans Joachim"]
[Black "Funk, Paul"]
[Result "1/2-1/2"]
[WhiteElo "2157"]
[BlackElo "2133"]
[EventDate "2001.02.26"]
[PlyCount "104"]

1.d4 d6 2.Nf3 Nf6 3.c4 g6 4.Nc3 Bg7 5.e4 O-O 6.Be2 e5 7.d5 a6 8.O-O Bd7 9.
Ne1 b5 10.Qc2 b4 11.Nd1 c5 12.Bg5 h6 13.Bh4 a5 14.Ne3 Qc8 15.a4 Re8 16.b3 
Na6 17.Rd1 Qd8 18.g4 Qc8 19.f3 Nh7 20.Nd3 Bf6 21.Bg3 Qd8 22.Ng2 Kg7 23.h4 
Rf8 24.Kf2 Be7 25.Rh1 f5 26.exf5 gxf5 27.Kg1 f4 28.Be1 Bxg4 29.fxg4 f3 30.
Ne3 fxe2 31.Qxe2 Rf6 32.Bg3 Qd7 33.Rh2 Raf8 34.Rf2 Nc7 35.Nf5+ Kg8 36.Nxe5
dxe5 37.Qxe5 Bd8 38.d6 Ne6 39.Qd5 Rg6 40.h5 Rgf6 41.Be5 Ng5 42.Kg2 Kh7 43.
Rdf1 R6f7 44.Qd3 Qb7+ 45.Kg1 Qe4 46.Qxe4 Nxe4 47.Re2 N6g5 48.Kg2 Re8 49.
Bf4 Nxd6 50.Rxe8 Nxe8 51.Re1 Ne6 52.Bxh6 Nd4 1/2-1/2

[Event "EU-chT Seniors 03rd"]
[Site "Dresden"]
[Date "2001.03.03"]
[Round "7.3"]
[White "Neubert, Gerhard"]
[Black "Hauswald, Gerd"]
[Result "1-0"]
[WhiteElo "1849"]
[BlackElo "1322"]
[EventDate "2001.02.26"]
[PlyCount "95"]

1.e4 d6 2.Nf3 Nf6 3.Nc3 g6 4.d4 Bg7 5.Be2 O-O 6.O-O Nbd7 7.h3 c5 8.Be3 b6 
9.Qd2 Bb7 10.d5 Ne8 11.Bh6 f6 12.Bxg7 Kxg7 13.Nh4 Nc7 14.Rae1 Ne5 15.f4 
Nf7 16.Bd3 Bc8 17.Nd1 Bd7 18.c4 Rb8 19.Ne3 Na6 20.Re2 Nb4 21.Bb1 b5 22.b3 
a5 23.a3 Na6 24.Bd3 bxc4 25.Bxc4 Nc7 26.a4 Rb4 27.Nc2 Rb8 28.Qxa5 Na8 29.
Qxd8 Rfxd8 30.Na3 Nb6 31.Bb5 Rb7 32.Nf3 Nc8 33.Nd2 Na7 34.Bxd7 Rdxd7 35.
Nac4 Rd8 36.Ra1 Ra8 37.Ree1 Nd8 38.Kf2 Nc8 39.Ke3 e6 40.dxe6 Nxe6 41.Reb1 
Nd4 42.Kd3 Ne7 43.b4 Nec6 44.b5 Nb4+ 45.Rxb4 cxb4 46.Kxd4 Rxb5 47.axb5 
Rxa1 48.b6 1-0

[Event "EU-chT Seniors 03rd"]
[Site "Dresden"]
[Date "2001.03.03"]
[Round "7.3"]
[White "Salzmann, Helmut"]
[Black "Rost van Tonningen, Otto"]
[Result "1/2-1/2"]
[WhiteElo "1926"]
[BlackElo "2047"]
[EventDate "2001.02.26"]
[PlyCount "49"]

1.d4 d6 2.Nf3 Nf6 3.c4 c5 4.d5 e5 5.Nc3 Nbd7 6.e4 Be7 7.Bd3 a6 8.O-O O-O 
9.a3 Ne8 10.Be3 g6 11.b4 b6 12.Qc2 Ng7 13.Nd2 Bg5 14.Rae1 f5 15.exf5 gxf5 
16.f4 exf4 17.Bxf4 Bxf4 18.Rxf4 Ne5 19.Ref1 Qg5 20.Nde4 Qe7 21.Ng3 Nxd3 
22.Qxd3 Bd7 23.Nd1 Rad8 24.bxc5 bxc5 25.Nc3 1/2-1/2

[Event "EU-chT Seniors 03rd"]
[Site "Dresden"]
[Date "2001.03.03"]
[Round "7.3"]
[White "Starck, Bodo"]
[Black "Winiwarter, Felix"]
[Result "1/2-1/2"]
[WhiteElo "2176"]
[BlackElo "2155"]
[EventDate "2001.02.26"]
[PlyCount "38"]

1.d4 Nf6 2.c4 g6 3.Nc3 Bg7 4.e4 d6 5.Nf3 O-O 6.h3 e5 7.d5 a5 8.Bg5 Na6 9.
Be2 Nc5 10.Nd2 Bd7 11.g4 Qc8 12.f3 c6 13.Nf1 cxd5 14.cxd5 a4 15.Qd2 Qd8 
16.Ng3 Qa5 17.h4 b5 18.h5 b4 19.Nd1 b3 1/2-1/2

[Event "EU-chT Seniors 03rd"]
[Site "Dresden"]
[Date "2001.03.03"]
[Round "7.4"]
[White "Barnstedt, Dietrich"]
[Black "Abendroth, Guenter"]
[Result "1/2-1/2"]
[WhiteElo "2054"]
[BlackElo "2167"]
[EventDate "2001.02.26"]
[PlyCount "81"]

1.d4 d5 2.Nf3 Nf6 3.Nbd2 Bf5 4.e3 e6 5.c4 c6 6.Qb3 Qc7 7.Bd3 Bxd3 8.Qxd3 
Nbd7 9.O-O Be7 10.Re1 Bb4 11.a3 Bxd2 12.Bxd2 Ne4 13.Rac1 O-O 14.Red1 Nxd2 
15.Nxd2 Nf6 16.b4 Qe7 17.c5 a6 18.a4 Nd7 19.b5 axb5 20.axb5 Ra5 21.bxc6 
bxc6 22.Ra1 Rfa8 23.Qc3 Qd8 24.Nb3 Rxa1 25.Rxa1 Rxa1+ 26.Qxa1 Qb8 27.Qa4 
Qb7 28.h3 Nb8 29.Na5 Qa8 30.Qb4 Qa7 31.Kf1 Kf8 32.Ke1 Ke8 33.Kd2 Kd7 34.
Qb7+ Qxb7 35.Nxb7 f6 36.Na5 e5 37.f3 h5 38.g4 hxg4 39.hxg4 Na6 40.Kc3 Nc7 
41.Kd3 1/2-1/2

[Event "EU-chT Seniors 03rd"]
[Site "Dresden"]
[Date "2001.03.03"]
[Round "7.4"]
[White "Gafke, Manfred"]
[Black "Schmitthoefer, Herbert"]
[Result "0-1"]
[WhiteElo "1699"]
[BlackElo "1738"]
[EventDate "2001.02.26"]
[PlyCount "120"]

1.d4 Nf6 2.c4 g6 3.Nc3 Bg7 4.e4 d6 5.f3 O-O 6.Bg5 Nbd7 7.Qd2 Re8 8.Nge2 c5
9.dxc5 Nxc5 10.Nd5 Nxd5 11.cxd5 h6 12.Be3 Bxb2 13.Rb1 Bg7 14.Bd4 f6 15.Nf4
Kh7 16.Bb5 Rg8 17.O-O a6 18.Be2 b5 19.Rfc1 e5 20.dxe6 Nxe6 21.Nxe6 Bxe6 
22.Rc6 Qd7 23.Rbc1 Rgc8 24.Qc2 Bc4 25.Rxc8 Rxc8 26.Kf2 d5 27.exd5 Qxd5 28.
Qc3 Qe6 29.Rc2 Re8 30.Bxc4 bxc4 31.Qe3 Qf5 32.Qc3 Qe6 33.g4 Qd6 34.Kg2 Rc8
35.Rb2 Rc6 36.Rb7 Qe6 37.Rb2 Qf7 38.Re2 f5 39.Bxg7 Qxg7 40.Qb4 Rc7 41.h3 
c3 42.Rc2 fxg4 43.hxg4 Qe5 44.Qb6 a5 45.a4 Qc5 46.Qb3 Qb4 47.Qa2 Rd7 48.
Kf2 Qd4+ 49.Kg3 g5 50.Qb3 Qf4+ 51.Kg2 Rd2+ 52.Rxd2 Qxd2+ 53.Kh3 Kg6 54.Qb7
Kf6 55.Qb6+ Ke5 56.Qxa5+ Kf4 57.Qf5+ Ke3 58.Qe5+ Kxf3 59.Qf5+ Ke2 60.a5 c2
0-1

[Event "EU-chT Seniors 03rd"]
[Site "Dresden"]
[Date "2001.03.03"]
[Round "7.4"]
[White "Lieb, Harald"]
[Black "Piekarz, Peter"]
[Result "1-0"]
[WhiteElo "2229"]
[BlackElo "2024"]
[EventDate "2001.02.26"]
[PlyCount "53"]

1.d4 Nf6 2.Nf3 e6 3.c4 Bb4+ 4.Nbd2 O-O 5.g3 b6 6.Bg2 Bb7 7.O-O Bxd2 8.Qxd2
d6 9.b3 Nbd7 10.Bb2 Ne4 11.Qc2 f5 12.Rad1 a5 13.a3 Qe7 14.e3 Rac8 15.Ne1 
Qg5 16.Nd3 Qh6 17.b4 axb4 18.axb4 d5 19.cxd5 Bxd5 20.Nf4 c6 21.f3 Nd6 22.
Rfe1 Bc4 23.e4 fxe4 24.fxe4 b5 25.Ra1 Rc7 26.d5 cxd5 27.exd5 1-0

[Event "EU-chT Seniors 03rd"]
[Site "Dresden"]
[Date "2001.03.03"]
[Round "7.4"]
[White "Litterst, Reinhard"]
[Black "Mann, Dieter"]
[Result "1/2-1/2"]
[WhiteElo "1930"]
[BlackElo "1881"]
[EventDate "2001.02.26"]
[PlyCount "24"]

1.d4 Nf6 2.Nf3 g6 3.c4 Bg7 4.Nc3 d5 5.e3 O-O 6.h3 e6 7.Bd3 dxc4 8.Bxc4 
Nbd7 9.O-O c5 10.dxc5 Nxc5 11.Qe2 a6 12.a3 b5 1/2-1/2

[Event "EU-chT Seniors 03rd"]
[Site "Dresden"]
[Date "2001.03.03"]
[Round "7.4"]
[White "Niedermayr, Horst"]
[Black "Lenk, Wolfgang"]
[Result "1/2-1/2"]
[WhiteElo "2161"]
[BlackElo "2059"]
[EventDate "2001.02.26"]
[PlyCount "58"]

1.e4 d6 2.d4 Nf6 3.Nc3 g6 4.Be2 Bg7 5.h4 Nc6 6.Be3 e5 7.d5 Nd4 8.Bxd4 exd4
9.Qxd4 O-O 10.Qd2 c6 11.h5 cxd5 12.exd5 Bf5 13.hxg6 Bxg6 14.Nf3 a6 15.Bd3 
Re8+ 16.Kf1 Qb6 17.Rh4 Rac8 18.Nd1 Ne4 19.Bxe4 Rxe4 20.Rxe4 Bxe4 21.c3 
Qb5+ 22.Kg1 Qxd5 23.Qxd5 Bxd5 24.Ne3 Bxf3 25.gxf3 Rc5 26.Rd1 Bf8 27.Nd5 
Kg7 28.Rd4 f6 29.Kg2 Kf7 1/2-1/2

[Event "EU-chT Seniors 03rd"]
[Site "Dresden"]
[Date "2001.03.03"]
[Round "7.4"]
[White "Rodemann, Edmund"]
[Black "Oelert, Ralf"]
[Result "1-0"]
[WhiteElo "1945"]
[BlackElo "1849"]
[EventDate "2001.02.26"]
[PlyCount "48"]

1.e4 e5 2.Nf3 f5 3.Nxe5 Qf6 4.Nc4 fxe4 5.Nc3 Qg6 6.Ne3 c6 7.d3 Bb4 8.Bd2 
exd3 9.Bxd3 Qf7 10.Ne4 Be7 11.Nf5 Kd8 12.Nxe7 Nxe7 13.O-O d5 14.Nd6 Qf6 
15.Nxc8 Kxc8 16.Bc3 Qf7 17.Qg4+ Nd7 18.Qxg7 Qxg7 19.Bxg7 Rg8 20.Bh6 Ng6 
21.Rae1 Nh4 22.Re7 Nxg2 23.Bxh7 Kd8 24.Rf7 Rg4 1-0

[Event "EU-chT Seniors 03rd"]
[Site "Dresden"]
[Date "2001.03.03"]
[Round "7.4"]
[White "Van Houten, Henk"]
[Black "Ehlert, Joachim"]
[Result "1-0"]
[WhiteElo "1750"]
[BlackElo "1863"]
[EventDate "2001.02.26"]
[PlyCount "76"]

1.e4 c5 2.Nc3 Nc6 3.Bb5 a6 4.Bxc6 bxc6 5.d4 cxd4 6.Qxd4 d6 7.Bg5 c5 8.Qe3 
Be6 9.Nge2 h6 10.Bh4 f6 11.f4 g5 12.Bg3 Qd7 13.Rd1 O-O-O 14.Nd5 Qb7 15.b3 
Bg7 16.f5 Bf7 17.O-O h5 18.Be1 e6 19.fxe6 Bxe6 20.Nec3 f5 21.Qxg5 fxe4 22.
Nb6+ Kb8 23.Nba4 Nh6 24.Bf2 Bd4 25.Bxd4 cxd4 26.Rxd4 Rdg8 27.Qf6 e3 28.Nd5
e2 29.Re1 Nf5 30.Rb4 Bxd5 31.Rxb7+ Bxb7 32.Rxe2 Rf8 33.Qc3 Rhg8 34.Rf2 h4 
35.Nb6 Ka7 36.Nc4 Rc8 37.Qd3 d5 38.Na5 Ba8 1-0